00440 a2200133 4500003000400000005001700004008004100021020001800062040000900080082002400089245013400113260004500247300001400292OSt20250702152929.0250702b |||||||| |||| 00| 0 eng d a9789391382629 coclc a305.56880954bMUN/D aDevelopment of Scheduled Castes and Scheduled Tribes: bIssues, Problems and Prospects /cEditor-in-chief Prof. M Muninarayanappa aNew Delhi:bSwastik Publications,c2025. a541 pages